[Event "Niederrhein-ch"]
[Site "Solingen"]
[Date "2018.03.29"]
[Round "7.8"]
[White "Zahn, Fabian"]
[Black "Fraenzel, Marius"]
[Result "1-0"]
[WhiteElo "1903"]
[BlackElo "1680"]
[PlyCount "85"]
[EventDate "2018.03.23"]
[EventType "swiss"]
[EventRounds "7"]
[EventCountry "GER"]
[SourceTitle "EXT 2022"]
[Source "ChessBase"]
[SourceDate "2021.10.06"]
[SourceVersion "1"]
[SourceVersionDate "2021.10.06"]
[SourceQuality "1"]

1. d4 d5 2. c4 c6 3. Nc3 Nf6 4. cxd5 cxd5 5. Nf3 Nc6 6. Bf4 a6 7. a3 Bf5 8. h3 Qb6 9. Na4 Qd8 10. Rc1 Ne4 11. b4 e6 12. Qb3 Bd6 13. Bxd6 Qxd6 14. e3 Rb8 15. Be2 0-0 16. Qb2 Rfe8 17. Ne5 Na7 18. 0-0 f6 19. Nf3 Nc6 20. Nh4 Ne7 21. Rfd1 g5 22. Nxf5 Nxf5 23. Bf3 Nh4 24. Rc2 f5 25. Be2 f4 26. exf4 Qxf4 27. Bf1 Rf8 28. Nc5 Rf6 29. Nd7 Rg6 30. Nxb8 g4 31. Rd3 Qf5 32. Rc8+ Kg7 33. Rc7+ Kh6 34. Qc1+ Rg5 35. Qe3 gxh3 36. g3 Kg6 37. Rc2 Kg7 38. Rc7+ Kh6 39. Rc2 Kg7 40. Nd7 h2+ 41. Kxh2 Ng6 42. Qf3 Nf4 43. Qxf4 1-0

[Event "Niederrhein-ch"]
[Site "Solingen"]
[Date "2018.03.24"]
[Round "2.10"]
[White "Alonso, Jose Antonio"]
[Black "Fraenzel, Marius"]
[Result "1-0"]
[WhiteElo "1835"]
[BlackElo "1680"]
[PlyCount "33"]
[EventDate "2018.03.23"]
[EventType "swiss"]
[EventRounds "7"]
[EventCountry "GER"]
[SourceTitle "EXT 2022"]
[Source "ChessBase"]
[SourceDate "2021.10.06"]
[SourceVersion "1"]
[SourceVersionDate "2021.10.06"]
[SourceQuality "1"]

1. e4 e5 2. Nf3 Nc6 3. Bc4 Nf6 4. Ng5 d5 5. exd5 b5 6. dxc6 bxc4 7. Nc3 Bc5 8. Nge4 Bb6 9. d3 Ba6 10. b4 Nxe4 11. dxe4 Qf6 12. 0-0 Rd8 13. Qg4 Bd4 14. Nd5 Rxd5 15. exd5 Bxa1 16. Bg5 Qg6 17. Qd7+ 1-0

[Event "Solingen-ch"]
[Site "Solingen"]
[Date "2016.12.02"]
[Round "7"]
[White "Boschek, Hans Joachim"]
[Black "Fraenzel, Marius"]
[Result "1/2-1/2"]
[WhiteElo "1948"]
[BlackElo "1786"]
[PlyCount "69"]
[EventDate "2016.09.07"]
[EventType "swiss"]
[EventRounds "7"]
[EventCountry "GER"]
[SourceTitle "EXT 2018"]
[Source "ChessBase"]
[SourceDate "2017.10.13"]
[SourceVersion "1"]
[SourceVersionDate "2017.10.13"]
[SourceQuality "1"]

1. d4 d5 2. Nf3 Nf6 3. e3 c6 4. Bd3 Bg4 5. Nbd2 e6 6. c4 Nbd7 7. 0-0 Bd6 8. Qc2 0-0 9. b3 e5 10. dxe5 Nxe5 11. Nxe5 Bxe5 12. Bb2 Bxb2 13. Qxb2 dxc4 14. Bxc4 Bf5 15. Nf3 Qe7 16. Nd4 Qe5 17. Qe2 Bg6 18. h3 Rad8 19. Rad1 Ne4 20. Rc1 Rfe8 21. f4 Qa5 22. Qg4 Nf6 23. Qg3 Be4 24. a4 c5 25. Nf3 Bd3 26. Ne5 Bxc4 27. Rxc4 Qd2 28. Qf3 b6 29. Rcc1 Qa2 30. e4 Rd4 31. Rce1 Rb4 32. Re3 Qc2 33. Rf2 Qc1+ 34. Rf1 Qc2 35. Rf2 1/2-1/2

[Event "Solingen-ch"]
[Site "Solingen"]
[Date "2016.10.18"]
[Round "4"]
[White "Fraenzel, Marius"]
[Black "Riesen, Peter"]
[Result "1-0"]
[WhiteElo "1786"]
[BlackElo "1686"]
[PlyCount "67"]
[EventDate "2016.09.07"]
[EventType "swiss"]
[EventRounds "7"]
[EventCountry "GER"]
[SourceTitle "EXT 2018"]
[Source "ChessBase"]
[SourceDate "2017.10.13"]
[SourceVersion "1"]
[SourceVersionDate "2017.10.13"]
[SourceQuality "1"]

1. e4 e6 2. d4 d5 3. exd5 exd5 4. c4 Nf6 5. Nf3 Be7 6. Nc3 0-0 7. Be2 dxc4 8. Bxc4 Nbd7 9. 0-0 Nb6 10. Bb3 Bg4 11. Qd3 c6 12. Ne5 Bh5 13. Be3 Nbd5 14. a3 Rc8 15. Bg5 Nxc3 16. bxc3 Nd7 17. Bxe7 Qxe7 18. Rfe1 Nxe5 19. Rxe5 Qh4 20. Rae1 Bg6 21. Qf3 b6 22. Re7 a5 23. d5 cxd5 24. Qxd5 Rxc3 25. Rxf7 Rxb3 26. Rxf8+ Kxf8 27. Qxb3 Qf6 28. h3 Bf7 29. Qe3 h6 30. Rb1 Qd6 31. Rxb6 Qd1+ 32. Kh2 a4 33. Rb8+ Be8 34. Qxe8# 1-0

[Event "Solingen-ch"]
[Site "Solingen"]
[Date "2015.12.04"]
[Round "7"]
[White "Fraenzel, Marius"]
[Black "Boschek, Hans Joachim"]
[Result "0-1"]
[WhiteElo "1803"]
[BlackElo "1910"]
[PlyCount "58"]
[EventDate "2015.09.04"]
[EventType "swiss"]
[EventRounds "7"]
[EventCountry "GER"]
[SourceTitle "EXT 2018"]
[Source "ChessBase"]
[SourceDate "2017.10.13"]
[SourceVersion "1"]
[SourceVersionDate "2017.10.13"]
[SourceQuality "1"]

1. e4 e6 2. d4 d5 3. exd5 exd5 4. c4 Bb4+ 5. Nc3 Ne7 6. Nf3 Bg4 7. Be2 0-0 8. 0-0 Nbc6 9. a3 Bxc3 10. bxc3 Re8 11. h3 Bh5 12. cxd5 Nxd5 13. Bd2 Qd6 14. Re1 Re7 15. c4 Nf4 16. Be3 Nxe2+ 17. Rxe2 Bxf3 18. gxf3 Rae8 19. Rd2 Re6 20. Kh1 Rg6 21. Qf1 Qf6 22. Rad1 Qxf3+ 23. Kh2 Ne7 24. Rd3 Rf6 25. R1d2 Qh5 26. Qe2 Qg6 27. Rb2 Nf5 28. Rb5 Nd6 29. Rg5 Qxg5 0-1

[Event "Solingen-ch"]
[Site "Solingen"]
[Date "2015.11.06"]
[Round "5"]
[White "Fraenzel, Marius"]
[Black "Meyer zu Kniendorf, Jochen"]
[Result "1-0"]
[WhiteElo "1803"]
[BlackElo "1670"]
[PlyCount "67"]
[EventDate "2015.09.04"]
[EventType "swiss"]
[EventRounds "7"]
[EventCountry "GER"]
[SourceTitle "EXT 2018"]
[Source "ChessBase"]
[SourceDate "2017.10.13"]
[SourceVersion "1"]
[SourceVersionDate "2017.10.13"]
[SourceQuality "1"]

1. e4 g6 2. d4 Bg7 3. Nf3 d6 4. h3 Nd7 5. Nc3 a6 6. a4 c5 7. Be3 b6 8. Be2 Ngf6 9. 0-0 0-0 10. e5 dxe5 11. dxe5 Ne8 12. Bc4 Nc7 13. Bf4 Bb7 14. Re1 Ne6 15. Bg3 Re8 16. Qd3 Ndf8 17. Nd5 Bxd5 18. Bxd5 Ra7 19. Rad1 Qc8 20. Qe4 Rd8 21. c4 Rad7 22. b3 b5 23. axb5 axb5 24. Ra1 Nd4 25. Ra8 Qc7 26. e6 Rd6 27. exf7+ Kh8 28. Nxd4 Bxd4 29. Be5+ Rf6 30. Bxc7 Bxf2+ 31. Kh1 Bxe1 32. Rxd8 Rf1+ 33. Kh2 Kg7 34. Be5+ 1-0

[Event "Dortmund Sparkassen op-B"]
[Site "Dortmund"]
[Date "2015.07.01"]
[Round "5"]
[White "Milonas, Hrisovalantis A"]
[Black "Fraenzel, Marius"]
[Result "1-0"]
[WhiteElo "1571"]
[BlackElo "1759"]
[PlyCount "65"]
[EventDate "2015.06.27"]
[EventType "swiss"]
[EventRounds "9"]
[EventCountry "GER"]
[SourceTitle "CBM 167 Extra"]
[Source "ChessBase"]
[SourceDate "2015.09.14"]
[SourceVersion "1"]
[SourceVersionDate "2015.09.14"]
[SourceQuality "1"]

1. e4 e5 2. Nf3 Nc6 3. d4 exd4 4. Nxd4 Bc5 5. Nxc6 bxc6 6. Bc4 d6 7. 0-0 Nf6 8. Bg5 0-0 9. Qf3 Bd4 10. Nc3 Be6 11. Qd3 Bb6 12. a4 a5 13. Rad1 Qe7 14. Bxe6 Qxe6 15. Bxf6 Qxf6 16. Qc4 d5 17. exd5 cxd5 18. Qxd5 Rfe8 19. Qc4 Rad8 20. Qb5 Kf8 21. Rxd8 Rxd8 22. Nd5 Qd4 23. Nxb6 cxb6 24. c3 Qd6 25. g3 Re8 26. b4 Re5 27. Qc4 g6 28. Rb1 Qd2 29. bxa5 Rc5 30. Qb4 Kg7 31. axb6 Rxc3 32. Qb2 Qd4 33. Qxc3 1-0

[Event "Dortmund Sparkassen op-B"]
[Site "Dortmund"]
[Date "2015.06.27"]
[Round "1"]
[White "Skapski, Miroslav"]
[Black "Fraenzel, Marius"]
[Result "0-1"]
[WhiteElo "1566"]
[BlackElo "1759"]
[PlyCount "104"]
[EventDate "2015.06.27"]
[EventType "swiss"]
[EventRounds "9"]
[EventCountry "GER"]
[SourceTitle "CBM 167 Extra"]
[Source "ChessBase"]
[SourceDate "2015.09.14"]
[SourceVersion "1"]
[SourceVersionDate "2015.09.14"]
[SourceQuality "1"]

1. d4 d5 2. c4 c6 3. Nc3 Nf6 4. Qc2 g6 5. Nf3 Bg7 6. e3 Bf5 7. Bd3 Bxd3 8. Qxd3 0-0 9. 0-0 Nbd7 10. b3 Qc7 11. Bb2 Rad8 12. cxd5 cxd5 13. Rac1 Qb8 14. Rc2 a6 15. Rfc1 e6 16. Na4 Rc8 17. Nc5 Nxc5 18. Rxc5 Ne4 19. R5c2 f6 20. Nd2 Rxc2 21. Rxc2 Nd6 22. Ba3 Rd8 23. Bxd6 Qxd6 24. Qc3 Rd7 25. Qc5 Bf8 26. Qc8 Kf7 27. Nf3 Bg7 28. g3 Bf8 29. Rc5 Qe7 30. Rc2 Qe8 31. Qc3 Bd6 32. Qb2 Qd8 33. Ne1 Rc7 34. Qc1 Kg8 35. Nd3 Ba3 36. Qd1 Qc8 37. Rxc7 Qxc7 38. Qd2 Bd6 39. b4 b6 40. Qb2 Qc4 41. Qd2 e5 42. dxe5 fxe5 43. a3 a5 44. Kg2 Qb3 45. bxa5 bxa5 46. Qxa5 Qxd3 47. Qd8+ Bf8 48. Qd7 Qe4+ 49. Kg1 Bxa3 50. Qe6+ Kf8 51. Qf6+ Ke8 52. Qc6+ Kf7 0-1

[Event "Solingen Karneval op"]
[Site "Solingen"]
[Date "2015.02.14"]
[Round "2"]
[White "Ljuboschiz, Alexander"]
[Black "Fraenzel, Marius"]
[Result "1-0"]
[WhiteElo "2127"]
[BlackElo "1864"]
[PlyCount "61"]
[EventDate "2015.02.13"]
[EventType "swiss"]
[EventRounds "5"]
[EventCountry "GER"]
[SourceTitle "EXT 2016"]
[Source "ChessBase"]
[SourceDate "2015.10.08"]
[SourceVersion "1"]
[SourceVersionDate "2015.10.08"]
[SourceQuality "1"]

1. e4 e5 2. Nf3 Nc6 3. Bb5 a6 4. Ba4 Nf6 5. Qe2 b5 6. Bb3 d6 7. c3 Na5 8. Bc2 c5 9. 0-0 Be7 10. d4 cxd4 11. cxd4 Qc7 12. Bg5 Bg4 13. a4 0-0 14. axb5 axb5 15. Nc3 Bxf3 16. gxf3 Rfc8 17. Bxf6 Bxf6 18. Nd5 Qxc2 19. Qxc2 Rxc2 20. b4 Bd8 21. bxa5 exd4 22. Rfb1 d3 23. Ne3 Re2 24. Kf1 Bh4 25. Nd1 Rc2 26. Rxb5 Rac8 27. a6 g6 28. a7 Rc1 29. Rxc1 Rxc1 30. a8Q+ Kg7 31. Qa4 1-0

[Event "Solingen-ch"]
[Site "Solingen"]
[Date "2014.12.05"]
[Round "7"]
[White "Speck, Stefan"]
[Black "Fraenzel, Marius"]
[Result "1/2-1/2"]
[WhiteElo "1981"]
[BlackElo "1840"]
[PlyCount "142"]
[EventDate "2014.09.12"]
[EventType "swiss"]
[EventRounds "7"]
[EventCountry "GER"]
[SourceTitle "EXT 2016"]
[Source "ChessBase"]
[SourceDate "2015.10.08"]
[SourceVersion "1"]
[SourceVersionDate "2015.10.08"]
[SourceQuality "1"]

1. d4 d5 2. Nf3 Nf6 3. e3 a6 4. b3 Bg4 5. Bb2 e6 6. Be2 Bd6 7. c4 c6 8. Nbd2 Nbd7 9. Rc1 0-0 10. h3 Bh5 11. 0-0 Re8 12. Ne5 Bxe2 13. Qxe2 Bb4 14. Ndf3 Qa5 15. Ng5 Re7 16. Qc2 Bd6 17. Bc3 Qd8 18. Rfd1 Rc8 19. Qe2 Nf8 20. Qe1 h6 21. Ngf3 Ne4 22. Bb2 Nh7 23. Qe2 Qe8 24. Nd2 Nxd2 25. Rxd2 f6 26. Nf3 Qh5 27. Ne1 Qg6 28. Nf3 Qh5 29. Ne1 Qg6 30. Nf3 Bb4 31. Rdc2 Rce8 32. a3 Bd6 33. b4 dxc4 34. Qxc4 Kh8 35. a4 Ng5 36. Nxg5 Qxg5 37. Bc3 Rc7 38. Qe2 b5 39. a5 Rec8 40. Bd2 Qd5 41. Qf3 Qxf3 42. gxf3 e5 43. dxe5 Bxe5 44. Bc3 Bd6 45. Bd4 Kg8 46. Bc5 Rd7 47. Rd1 Bh2+ 48. Kxh2 Rxd1 49. Kg2 Kf7 50. f4 f5 51. Kf3 g6 52. Ke2 Rd7 53. Rc1 Re8 54. Kf3 Re6 55. h4 h5 56. Rc2 Rd5 57. Rc1 Rd2 58. Rc3 Ke8 59. Rc1 Kd7 60. Rg1 Ke8 61. Rc1 Kf7 62. Rc3 Rd1 63. Rc2 Re8 64. Bd4 Rc8 65. Bc5 Rcd8 66. Bd4 Rd6 67. Be5 Re6 68. Bd4 Rh1 69. Kg3 Rg1+ 70. Kh3 Rb1 71. Bc5 Rd1 1/2-1/2

[Event "Solingen-ch"]
[Site "Solingen"]
[Date "2014.11.07"]
[Round "5"]
[White "Fraenzel, Marius"]
[Black "Skiber, Friedel"]
[Result "1-0"]
[WhiteElo "1840"]
[BlackElo "1737"]
[PlyCount "79"]
[EventDate "2014.09.12"]
[EventType "swiss"]
[EventRounds "7"]
[EventCountry "GER"]
[SourceTitle "EXT 2016"]
[Source "ChessBase"]
[SourceDate "2015.10.08"]
[SourceVersion "1"]
[SourceVersionDate "2015.10.08"]
[SourceQuality "1"]

1. e4 e5 2. Nf3 Nc6 3. Bb5 a6 4. Ba4 f5 5. exf5 e4 6. Bxc6 dxc6 7. Qe2 Qe7 8. Nd4 Nf6 9. Qc4 Bd7 10. Ne6 Qd6 11. Nc3 b5 12. Qe2 Bxe6 13. fxe6 Qxe6 14. a3 Bd6 15. d3 0-0 16. dxe4 Rae8 17. f3 c5 18. 0-0 c6 19. Qd1 Nh5 20. Ne2 Rf6 21. Qe1 Ref8 22. Qh4 Qf7 23. Be3 Qg6 24. Qh3 Nf4 25. Nxf4 Bxf4 26. Bxc5 Re8 27. Rad1 Qg5 28. b4 Rh6 29. Qg4 Bxh2+ 30. Kf2 Qe5 31. Bd4 Qc7 32. Rh1 Rg6 33. Qh3 Rh6 34. Qf5 Qg3+ 35. Kf1 Qd6 36. Rd3 Rf8 37. Bc5 Rxf5 38. Bxd6 Rxf3+ 39. gxf3 Rxd6 40. Rxh2 1-0

[Event "Niederrhein-ch"]
[Site "Solingen"]
[Date "2014.04.18"]
[Round "7"]
[White "Plueckelmann, Thomas"]
[Black "Fraenzel, Marius"]
[Result "0-1"]
[WhiteElo "1780"]
[BlackElo "1833"]
[PlyCount "73"]
[EventDate "2014.04.12"]
[EventType "swiss"]
[EventRounds "7"]
[EventCountry "GER"]
[SourceTitle "EXT 2016"]
[Source "ChessBase"]
[SourceDate "2015.10.08"]
[SourceVersion "1"]
[SourceVersionDate "2015.10.08"]
[SourceQuality "1"]

1. d4 d5 2. c4 c6 3. Nf3 Nf6 4. Nc3 dxc4 5. a4 Bf5 6. e3 e6 7. Bxc4 Bb4 8. 0-0 Nbd7 9. Nh4 Bg6 10. Bd2 Bxc3 11. Bxc3 Ne4 12. Nf3 0-0 13. a5 Bh5 14. Be2 Ndf6 15. Ne5 Bxe2 16. Qxe2 Nd5 17. Qd3 Nexc3 18. bxc3 Qc7 19. Rfb1 Rfd8 20. c4 Ne7 21. Qb3 Rab8 22. g3 c5 23. Qc3 f6 24. Nd3 cxd4 25. exd4 Qd6 26. Nf4 Qxd4 27. Qb3 Qd7 28. Rd1 Qc6 29. Re1 e5 30. c5+ Nd5 31. Nd3 Kh8 32. Rab1 Rd7 33. h4 Rbd8 34. Rbd1 Ne7 35. Qa3 Nf5 36. Nb2 Nd4 37. Rd3 0-1

[Event "Solingen-ch"]
[Site "Solingen"]
[Date "2013.10.18"]
[Round "4"]
[White "Hobusch, Jan"]
[Black "Fraenzel, Marius"]
[Result "1-0"]
[WhiteElo "2078"]
[BlackElo "1687"]
[PlyCount "91"]
[EventDate "2013.09.13"]
[EventType "swiss"]
[EventRounds "7"]
[EventCountry "GER"]
[SourceTitle "EXT 2015"]
[Source "ChessBase"]
[SourceDate "2014.11.20"]
[SourceVersion "1"]
[SourceVersionDate "2014.11.20"]
[SourceQuality "1"]

1. e4 e5 2. Nf3 Nc6 3. Bb5 a6 4. Bxc6 dxc6 5. Nc3 Bg4 6. h3 Bxf3 7. Qxf3 Qf6 8. Qg3 Bd6 9. d3 h6 10. Be3 Ne7 11. 0-0-0 Ng6 12. Ne2 Qe6 13. Kb1 0-0-0 14. Qg4 Qxg4 15. hxg4 Nf4 16. Bxf4 exf4 17. Rh5 g6 18. Rh3 g5 19. Rdh1 Bf8 20. Rh5 Bg7 21. g3 f3 22. Ng1 Rd6 23. Nxf3 Rf6 24. Nd4 Rxf2 25. Nf5 Bf8 26. a3 Rg2 27. Rxg5 Kd7 28. Rgh5 Rg8 29. Rf1 Ke8 30. Re1 Rxg4 31. Ne3 R4xg3 32. Nxg2 Rxg2 33. Rf1 Rg6 34. Rhf5 Rg7 35. b4 Be7 36. Kb2 Bg5 37. Kb3 Ke7 38. a4 b6 39. Kc4 h5 40. Rg1 b5+ 41. Kb3 f6 42. e5 Rh7 43. exf6+ Bxf6 44. Rg6 Bh8 45. Rxc6 h4 46. Rxc7+ 1-0

[Event "Solingen-ch"]
[Site "Solingen"]
[Date "2013.09.27"]
[Round "2"]
[White "Barche, Uwe"]
[Black "Fraenzel, Marius"]
[Result "0-1"]
[WhiteElo "1187"]
[BlackElo "1687"]
[PlyCount "68"]
[EventDate "2013.09.13"]
[EventType "swiss"]
[EventRounds "7"]
[EventCountry "GER"]
[SourceTitle "EXT 2015"]
[Source "ChessBase"]
[SourceDate "2014.11.20"]
[SourceVersion "1"]
[SourceVersionDate "2014.11.20"]
[SourceQuality "1"]

1. c4 e5 2. g3 Nf6 3. Bg2 c6 4. d4 exd4 5. Qxd4 Na6 6. a3 Bc5 7. Qd2 Nc7 8. Nc3 0-0 9. e3 Re8 10. Nf3 d5 11. b4 d4 12. bxc5 dxc3 13. Qxc3 Ne4 14. Qd4 Qe7 15. Bb2 f6 16. 0-0 Nxc5 17. Qd1 Be6 18. Qc2 Qf7 19. Rac1 Rad8 20. Nd4 Bg4 21. e4 N7e6 22. f3 Nxd4 23. Bxd4 Rxd4 24. fxg4 Nxe4 25. Rf4 Rd2 26. Qb1 Ng5 27. h4 Ne6 28. Rff1 Nd4 29. Kh1 Qc7 30. Rc3 Ree2 31. Be4 Rh2+ 32. Kg1 Ne2+ 33. Kxh2 Nxc3+ 34. Kh3 Nxb1 0-1

[Event "Solingen Karneval op"]
[Site "Solingen"]
[Date "2013.02.10"]
[Round "5"]
[White "Kublanov, Vladislav"]
[Black "Fraenzel, Marius"]
[Result "1/2-1/2"]
[WhiteElo "1588"]
[BlackElo "1727"]
[PlyCount "118"]
[EventDate "2013.02.08"]
[EventType "swiss"]
[EventRounds "5"]
[EventCountry "GER"]
[SourceTitle "EXT 2015"]
[Source "ChessBase"]
[SourceDate "2014.11.20"]
[SourceVersion "1"]
[SourceVersionDate "2014.11.20"]
[SourceQuality "1"]

1. d4 d5 2. c4 c6 3. Nc3 Nf6 4. Nf3 dxc4 5. e4 b5 6. e5 Nd5 7. Be2 Bf5 8. a3 e6 9. 0-0 Be7 10. Bd2 Nd7 11. Nxd5 cxd5 12. b3 0-0 13. bxc4 bxc4 14. Bc3 Rb8 15. Qd2 Rb7 16. h3 Qc7 17. Nh2 Rfb8 18. Rfc1 Rb3 19. Bd1 Rxa3 20. Rxa3 Bxa3 21. Ra1 Be7 22. Ba5 Qb7 23. Ba4 Nf8 24. Bc3 Bb4 25. Nf1 Bxc3 26. Qxc3 Qb2 27. Qxb2 Rxb2 28. Ne3 Bg6 29. Kf1 Bd3+ 30. Kg1 Ng6 31. g3 Ne7 32. Bd1 Nc6 33. Ra6 Rb6 34. Ra3 h6 35. Bc2 Bxc2 36. Nxc2 Rb1+ 37. Kg2 Rc1 38. Ne3 a5 39. f4 g6 40. Ng4 Rc2+ 41. Kf1 Rb2 42. Ke1 Rb3 43. Nf6+ Kf8 44. Rxb3 cxb3 45. Kd1 Nxd4 46. Kc1 a4 47. Kb2 Nb5 48. Nd7+ Ke7 49. Nc5 f6 50. Nxa4 Nd4 51. Nc5 fxe5 52. fxe5 Nf3 53. Nd3 Kd7 54. Kxb3 Kc6 55. Kc3 Kb5 56. Nf4 Nxe5 57. Nxe6 Nf3 58. Kd3 Kc6 59. Nd8+ Kc5 1/2-1/2

[Event "Solingen Karneval op"]
[Site "Solingen"]
[Date "2011.03.05"]
[Round "2"]
[White "Thumm, Felix"]
[Black "Fraenzel, Marius"]
[Result "1-0"]
[WhiteElo "1770"]
[BlackElo "1644"]
[PlyCount "57"]
[EventDate "2011.03.04"]
[EventType "swiss"]
[EventRounds "5"]
[EventCountry "GER"]
[SourceTitle "EXT 2015"]
[Source "ChessBase"]
[SourceDate "2014.11.20"]
[SourceVersion "1"]
[SourceVersionDate "2014.11.20"]
[SourceQuality "1"]

1. e4 e5 2. Nf3 Nc6 3. Bc4 Bc5 4. Nc3 Nf6 5. d3 h6 6. Bd2 d6 7. h3 Be6 8. Bb3 a6 9. 0-0 Qd7 10. Be3 Nd4 11. Bxd4 Bxd4 12. Nxd4 exd4 13. Ne2 Bxh3 14. gxh3 Qxh3 15. Nf4 Qh4 16. Qf3 Qg5+ 17. Qg3 Qxg3+ 18. fxg3 0-0 19. Ne2 c5 20. Nf4 b5 21. Nd5 Nxd5 22. Bxd5 Ra7 23. Rf4 g6 24. Rf6 Kg7 25. Rxd6 f5 26. Rf1 Rf6 27. Rxf6 Kxf6 28. exf5 gxf5 29. Be4 1-0

[Event "Solingen op-B"]
[Site "Solingen"]
[Date "2005.05.26"]
[Round "1"]
[White "Fraenzel, Marius"]
[Black "Huette, Stefan"]
[Result "0-1"]
[WhiteElo "1495"]
[BlackElo "1938"]
[PlyCount "42"]
[EventDate "2005.05.26"]
[EventType "swiss"]
[EventRounds "7"]
[EventCountry "GER"]
[SourceTitle "EXT 2006"]
[Source "ChessBase"]
[SourceDate "2005.11.24"]
[SourceVersion "1"]
[SourceVersionDate "2005.11.24"]
[SourceQuality "1"]

1. e4 d5 2. exd5 Nf6 3. d4 Bg4 4. Nf3 Qxd5 5. Be2 e6 6. 0-0 Bd6 7. Be3 Nc6 8. c3 0-0-0 9. Nbd2 Qh5 10. Qc2 Bxh2+ 11. Nxh2 Bxe2 12. Rfe1 Bg4 13. b4 Qg6 14. Qxg6 hxg6 15. Nxg4 Nxg4 16. Bf4 Rd5 17. f3 Nf6 18. g4 Rdd8 19. Kg2 Nd5 20. Bg3 Nxc3 21. Rec1 Nd5 0-1